Loreto College Library, Kolkata
WEBOPAC (ONLINE PUBLIC ACCESS CATALOGUE)

Napoleon (Record no. 19287)

MARC details
000 -LEADER
fixed length control field 00489nam a2200181Ia 4500
005 - DATE AND TIME OF LATEST TRANSACTION
control field 20230704083904.0
008 - FIXED-LENGTH DATA ELEMENTS--GENERAL INFORMATION
fixed length control field 131103s9999 xx 000 0 und d
040 ## - CATALOGING SOURCE
Original cataloging agency Loreto College
041 ## - LANGUAGE CODE
Language code English
082 ## - DDC | ডিউই
Classification number | বর্গসংখ্যা 944.046
Book Number | গ্রন্থাঙ্ক LEF
100 ## - MAIN ENTRY--PERSONAL NAME | মুখ্য সংলেখ - ব্যাক্তিনাম
Personal name | ব্যাক্তিনাম Lefebvre,Georges
245 ## - TITLE STATEMENT | অাখ্যা বিবরণী
Title | অাখ্যা Napoleon
Sub title | উপঅাখ্যা From Tilsit to Waterloo 1807 - 1815
Statement of responsibility | লেখকের দায়িত্বের বিবরণ Georges Lefebvre
260 ## - IMPRINT | প্রকাশনা ক্ষেত্র
Place of publication | প্রকাশ স্থান London
Name of publisher | প্রকাশকের নাম Routledge & Kegan Paul
Date of publication | প্রকাশ কাল 1969
300 ## - PHYSICAL DESCRIPTION |
Page / Vol. No | পৃষ্ঠা / খন্ড সংখ্যা 414 p.
650 ## - SUBJECT ADDED ENTRY--TOPICAL TERM | বিষয় শিরোনাম - মূল বিষয়
Topical term | মূল বিষয় History - Napoleon
850 ## - HOLDING INSTITUTION
Holding institution LCLIB
942 ## - ADDED ENTRY ELEMENTS (KOHA)
Koha item type Books
Holdings
Withdrawn status Lost status Source of classification Damaged status Not for loan Home library Current library Date acquired Total Checkouts Full call number Accession No. Date last seen Date checked out Price effective from Koha item type Coded location qualifier
    Dewey Decimal Classification     Loreto College Loreto College 04/11/2013 1 944.046 LEF 17088 B20334 30/11/2023 24/11/2023 04/11/2013 Books